عرض عادي
عرض مارك
- Maxfield, Maggie.
مدخل إسم شخص
001 - رقم الضبط
- حقل الضبط: 45885
003 - معرف رقم الضبط
- حقل الضبط: OSt
005 - تاريخ ووقت أخر عملية
- حقل الضبط: 20140623114808.0
008 - عناصر بيانات ثابتة الطول
- حقل تحكم ثابت الطول: 140623|||a|||||| | ||| d
040 ## - مصدر الفهرسة
- هيئة الفهرسة الأصلية: OSt
- وكالة الكتابة: OSt
100 ## - مدخل -- أسم شخص
- إسم شخص: Maxfield, Maggie.
670 ## - بيانات المصدر موجوده
- الاستشهاد بالمصدر: Work cat.: (OSt)0: Maxfield, Maggie., Placement learning in medical nursing :, c2012.
